000 00457nam a2200181Ia 4500
001 4626
005 20260306145810.0
008 260306t1999||||xx |||||||||||||| ||spa||
041 _aESP
082 _a327.85
_bY49B
100 _aYepes del Castillo, Ernesto
_eAUT
245 0 _aUn plebiscito imposible...:
_bTacna y Arica, 1925-1926
260 _c1999
300 _a179 páginas :
_c21 cm.
650 _aGEN
654 _aCHU
942 _cLIB
_dJUS
_fJUS
_2ddc
_n
999 _c4626
_d4626